[Event "CAN-op U2400"]
[Site "Montreal CAN"]
[Date "2014.07.25"]
[Round "8"]
[White "Khassanov, Marat"]
[Black "Boudreau, Daniel"]
[Result "1-0"]
[WhiteElo "2256"]
[BlackElo "2066"]
[PlyCount "61"]
[EventDate "2014.07.19"]
[EventType "swiss"]
[EventRounds "9"]
[EventCountry "CAN"]

1. e4 c5 2. Nf3 e6 3. d4 cxd4 4. Nxd4 Qc7 5. Be3 a6 6. Nc3 Bb4 7. Nde2 Nf6 8.
Qd3 d5 9. O-O-O dxe4 10. Nxe4 Nxe4 11. Qxe4 Nc6 12. Nd4 Be7 13. Nxc6 bxc6 14.
Bd4 O-O 15. Be5 Qb6 16. Rd3 f5 17. Rg3 g6 18. Qf4 Bf6 19. Bxf6 Rxf6 20. Bc4 c5
21. Rd1 Ra7 22. Qe5 Raf7 23. Rgd3 Rf8 24. f4 Qa7 25. Rd6 Qe7 26. Qxc5 Re8 27.
Qe5 Rf7 28. g3 Qc7 29. b3 Rfe7 30. Rxe6 Qxe5 31. Rxe7+ 1-0

[Event "CAN-op U2400"]
[Site "Montreal CAN"]
[Date "2014.07.25"]
[Round "8"]
[White "Libersan, Thierry"]
[Black "MacKinnon, Keith"]
[Result "0-1"]
[WhiteElo "2090"]
[BlackElo "2165"]
[PlyCount "68"]
[EventDate "2014.07.19"]
[EventType "swiss"]
[EventRounds "9"]
[EventCountry "CAN"]

1. e4 c5 2. Nf3 e6 3. d4 cxd4 4. Nxd4 a6 5. Nc3 Qc7 6. g3 Nf6 7. Bg2 Bb4 8. O-O
Nc6 9. Nxc6 dxc6 10. Bg5 Be7 11. f4 e5 12. h3 h6 13. Bxf6 Bxf6 14. f5 Qb6+ 15.
Kh2 Qxb2 16. Rf3 Qb6 17. Bf1 O-O 18. Bc4 Qd4 19. Qe2 b5 20. Bb3 a5 21. Rd1 Qc5
22. a4 b4 23. Nb1 Ba6 24. Qe1 Rad8 25. h4 Rxd1 26. Qxd1 Rd8 27. Qe1 Rd4 28. Nd2
Bd8 29. Rf2 Qc3 30. Rg2 Rd7 31. g4 Bb6 32. g5 Be3 33. gxh6 Bxh6 34. Nf3 Qxf3
0-1

[Event "CAN-op U2400"]
[Site "Montreal CAN"]
[Date "2014.07.25"]
[Round "8"]
[White "Lopez Linares, Lizandro"]
[Black "Singher, Jean-Pierre"]
[Result "1-0"]
[WhiteElo "2025"]
[BlackElo "2060"]
[PlyCount "57"]
[EventDate "2014.07.19"]
[EventType "swiss"]
[EventRounds "9"]
[EventCountry "CAN"]

1. d4 Nf6 2. Nf3 e6 3. Bg5 d5 4. Nbd2 Be7 5. e3 c5 6. c3 Nc6 7. Bd3 Nh5 8. Bxe7
Qxe7 9. Ne5 Nf6 10. Bb5 O-O 11. Bxc6 bxc6 12. O-O cxd4 13. cxd4 c5 14. dxc5
Qxc5 15. Nb3 Qd6 16. Qd4 Rb8 17. Nc5 a5 18. a3 Nd7 19. Nexd7 Bxd7 20. e4 Bb5
21. Rfd1 Bc4 22. Qxc4 dxc4 23. Rxd6 Rxb2 24. Na4 Re2 25. Rd4 Rc8 26. Nb6 e5 27.
Rxc4 Rxc4 28. Nxc4 Rxe4 29. Nxa5 1-0

[Event "CAN-op U2400"]
[Site "Montreal CAN"]
[Date "2014.07.25"]
[Round "8"]
[White "Luo, Zhao Yang"]
[Black "Dehmel, Jens"]
[Result "1/2-1/2"]
[WhiteElo "1959"]
[BlackElo "2067"]
[PlyCount "88"]
[EventDate "2014.07.19"]
[EventType "swiss"]
[EventRounds "9"]
[EventCountry "CAN"]

1. d4 d5 2. Nf3 Nf6 3. e3 Bf5 4. Be2 e6 5. Nh4 Bg6 6. Nxg6 hxg6 7. Bf3 Bd6 8.
g3 c6 9. c4 Nbd7 10. Qb3 Qb6 11. Nc3 O-O 12. O-O Rfe8 13. e4 dxe4 14. Bxe4 Nxe4
15. Qxb6 Nxb6 16. Nxe4 Be7 17. b3 Rad8 18. Be3 Rd7 19. Nc5 Bxc5 20. dxc5 Nc8
21. Rfd1 Red8 22. Rxd7 Rxd7 23. Kf1 f6 24. Ke2 Kf7 25. b4 Ne7 26. a4 Nf5 27. b5
Nd4+ 28. Bxd4 Rxd4 29. Rd1 Rxd1 30. Kxd1 g5 31. g4 f5 32. h3 Kf6 33. Kd2 a5 34.
Ke3 Ke5 35. f3 g6 36. b6 Kf6 37. Kd4 e5+ 38. Ke3 Ke6 39. Kd3 e4+ 40. fxe4 f4
41. Kd4 Kf6 42. e5+ Kf7 43. Kd3 Ke7 44. Kd4 Ke6 1/2-1/2

[Event "CAN-op U2400"]
[Site "Montreal CAN"]
[Date "2014.07.25"]
[Round "8"]
[White "Nikulich, Oleksandr"]
[Black "Robichaud, Louis"]
[Result "1-0"]
[WhiteElo "2008"]
[BlackElo "2075"]
[PlyCount "75"]
[EventDate "2014.07.19"]
[EventType "swiss"]
[EventRounds "9"]
[EventCountry "CAN"]

1. d4 Nf6 2. c4 g6 3. Nc3 Bg7 4. e4 d6 5. Be2 O-O 6. Bg5 h6 7. Be3 e5 8. Qd2
exd4 9. Bxd4 Nc6 10. Be3 Re8 11. f3 Ne5 12. Bxh6 Nxe4 13. Nxe4 Qh4+ 14. g3 Qxh6
15. Qxh6 Bxh6 16. Nf6+ Kf8 17. Nxe8 Kxe8 18. f4 Nc6 19. Nf3 Bg7 20. O-O-O a5
21. Rhe1 a4 22. Ng5 Kf8 23. Bf3 a3 24. b3 Nd4 25. Rd3 Nxf3 26. Rxf3 Bb2+ 27.
Kd2 Bd7 28. Rfe3 Bc6 29. Re7 d5 30. Rxf7+ Kg8 31. cxd5 Bxd5 32. Rxc7 Rd8 33.
Kc2 b5 34. Ree7 Bf6 35. Red7 Bxg5 36. Rxd8+ Bxd8 37. Rc8 Be4+ 38. Kc1 1-0

[Event "CAN-op U2400"]
[Site "Montreal CAN"]
[Date "2014.07.25"]
[Round "8"]
[White "Pepin, Christian"]
[Black "De Lagrave, Sylvain"]
[Result "1-0"]
[WhiteElo "1929"]
[BlackElo "1911"]
[PlyCount "35"]
[EventDate "2014.07.19"]
[EventType "swiss"]
[EventRounds "9"]
[EventCountry "CAN"]

1. e4 c5 2. c3 d5 3. exd5 Qxd5 4. d4 Nc6 5. Nf3 Bg4 6. dxc5 Qxc5 7. Be3 Qh5 8.
Be2 Nf6 9. Na3 a6 10. Qb3 b5 11. h3 Be6 12. Qd1 Qd5 13. O-O Qxd1 14. Rfxd1 Bd5
15. c4 bxc4 16. Nxc4 Bxc4 17. Bxc4 e6 18. Bb3 1-0

[Event "CAN-op U2400"]
[Site "Montreal CAN"]
[Date "2014.07.25"]
[Round "8"]
[White "Poulin, Mathieu"]
[Black "Gardner, Robert"]
[Result "1-0"]
[WhiteElo "1992"]
[BlackElo "2164"]
[PlyCount "105"]
[EventDate "2014.07.19"]
[EventType "swiss"]
[EventRounds "9"]
[EventCountry "CAN"]

1. d4 Nf6 2. c4 e6 3. Nc3 Bb4 4. Qc2 c5 5. dxc5 Bxc5 6. e3 a6 7. Nf3 Qc7 8. Be2
b6 9. O-O Bb7 10. Nd2 Bd6 11. h3 Nc6 12. b3 Rc8 13. Bb2 Qd8 14. Rad1 Bb8 15.
Rfe1 Nb4 16. Qb1 Rc5 17. a3 Qc7 18. f4 Nc6 19. Nde4 Ne7 20. Nd6+ Kf8 21. Nxb7
Qxb7 22. Bf3 Qa7 23. Ne4 Nxe4 24. Qxe4 d6 25. a4 Rc8 26. Qd3 f6 27. e4 Kf7 28.
Bh5+ g6 29. Bg4 Rhd8 30. Qc3 Ng8 31. f5 b5+ 32. Kh1 bxc4 33. fxe6+ Ke7 34. b4
Qc7 35. Rd5 h5 36. Be2 Kxe6 37. g4 Ne7 38. gxh5 Rf8 39. Bg4+ Kf7 40. hxg6+ Kg7
41. Bxc8 Qxc8 42. Rh5 Nxg6 43. Rg1 Qe6 44. Qe3 Rg8 45. Rf1 Ne5 46. Bxe5 dxe5
47. Rg1+ Kf7 48. Rh7+ Ke8 49. Rxg8+ Qxg8 50. Qh6 Qg3 51. Qh5+ Kd8 52. Rh8+ Ke7
53. Qe8+ 1-0

[Event "CAN-op U2400"]
[Site "Montreal CAN"]
[Date "2014.07.25"]
[Round "8"]
[White "Reeve, Jeff"]
[Black "Zhu, Hong Rui"]
[Result "1-0"]
[WhiteElo "2245"]
[BlackElo "2069"]
[PlyCount "58"]
[EventDate "2014.07.19"]
[EventType "swiss"]
[EventRounds "9"]
[EventCountry "CAN"]

1. e4 c5 2. Nf3 d6 3. d4 cxd4 4. Nxd4 Nf6 5. Nc3 g6 6. Be3 Bg7 7. f3 Nc6 8. Qd2
O-O 9. O-O-O d5 10. Kb1 Nxd4 11. e5 Nc6 12. exf6 exf6 13. Nxd5 b6 14. Bb5 Bb7
15. Rhe1 Ne5 16. f4 Ng4 17. Bg1 Bxd5 18. Qxd5 Qc7 19. h3 Nh6 20. Qd6 Rac8 21.
Qxc7 Rxc7 22. g4 Kh8 23. Re2 f5 24. g5 Ng8 25. c4 Ne7 26. Rd7 Rxd7 27. Bxd7 Ng8
28. c5 bxc5 29. Bxc5 a6 1-0

[Event "CAN-op U2400"]
[Site "Montreal CAN"]
[Date "2014.07.25"]
[Round "8"]
[White "Shi, Diwen"]
[Black "De Barberis, Massimo"]
[Result "1-0"]
[WhiteElo "1934"]
[BlackElo "2070"]
[PlyCount "50"]
[EventDate "2014.07.19"]
[EventType "swiss"]
[EventRounds "9"]
[EventCountry "CAN"]

1. e4 c6 2. d4 g6 3. Nc3 d5 4. e5 h5 5. Nf3 Bg4 6. Bd3 e6 7. h3 Bxf3 8. Qxf3
Nd7 9. Ne2 Ne7 10. Bg5 Qb6 11. O-O-O c5 12. c3 cxd4 13. cxd4 Nc6 14. Kb1 Bg7
15. Qe3 Nb4 16. g4 Rc8 17. Nf4 Nxd3 18. Qxd3 hxg4 19. hxg4 Rg8 20. Rc1 Rc6 21.
Nxe6 fxe6 22. Rxc6 Qxc6 23. Rc1 Nxe5 24. dxe5 Qd7 25. Qxg6+ Kf8 1-0

[Event "CAN-op U2400"]
[Site "Montreal CAN"]
[Date "2014.07.25"]
[Round "8"]
[White "Sprumont, Oscar"]
[Black "Le Duin, Thierry"]
[Result "1-0"]
[WhiteElo "1948"]
[BlackElo "2062"]
[PlyCount "107"]
[EventDate "2014.07.19"]
[EventType "swiss"]
[EventRounds "9"]
[EventCountry "CAN"]

1. Nf3 d5 2. c4 e6 3. g3 c6 4. b3 Nf6 5. Bg2 g6 6. Bb2 Bg7 7. O-O O-O 8. Qc2
Nbd7 9. d4 Ne4 10. Nbd2 Ndf6 11. Ne5 Nxd2 12. Qxd2 Ne4 13. Qc2 f6 14. Nf3 Bh6
15. Bc1 Bg7 16. Bb2 Bd7 17. Ne1 f5 18. Nf3 Qb6 19. Ne5 Rad8 20. c5 Qc7 21. b4
a6 22. Rfd1 Be8 23. Qb3 Qe7 24. e3 g5 25. f4 Bh5 26. Re1 Bf6 27. a4 Kh8 28. Nf3
gxf4 29. exf4 Rg8 30. Qd3 Rg7 31. Nd2 Rdg8 32. Re3 Bh4 33. Nxe4 fxe4 34. Qd2
Bxg3 35. Rxg3 Rxg3 36. hxg3 Rxg3 37. Qf2 Qg7 38. Kh2 Rg6 39. Ra3 Bg4 40. Rg3
Qh6+ 41. Kg1 Qh4 42. Bc1 Qf6 43. Bb2 Qf5 44. b5 axb5 45. axb5 h5 46. bxc6 bxc6
47. Kh2 h4 48. Ra3 Qf6 49. Bxe4 Bf5 50. Bxf5 exf5 51. Qe2 Qe6 52. Qe5+ Rf6 53.
Rh3 Kg7 54. Rxh4 1-0

[Event "CAN-op U2400"]
[Site "Montreal CAN"]
[Date "2014.07.25"]
[Round "8"]
[White "Trottier, Emile"]
[Black "Chan, James"]
[Result "1/2-1/2"]
[WhiteElo "2168"]
[BlackElo "2023"]
[PlyCount "171"]
[EventDate "2014.07.19"]
[EventType "swiss"]
[EventRounds "9"]
[EventCountry "CAN"]

1. e4 c5 2. c3 Nf6 3. e5 Nd5 4. d4 cxd4 5. cxd4 e6 6. Nf3 b6 7. Bd3 Bb7 8. O-O
d6 9. Nc3 Nxc3 10. bxc3 Qc7 11. Bd2 Nd7 12. exd6 Bxd6 13. h3 O-O 14. Re1 Rfe8
15. Qb3 Bxf3 16. gxf3 Bf4 17. Qc2 g6 18. a4 Rac8 19. c4 Bxd2 20. Qxd2 Qd6 21.
Bf1 Red8 22. a5 Ne5 23. Qf4 Nxc4 24. Qxd6 Rxd6 25. axb6 axb6 26. Red1 b5 27.
Rab1 Rd5 28. Be2 Rcd8 29. Rb4 Nd6 30. Rdb1 Rb8 31. Kg2 Nf5 32. Rxb5 Rdxb5 33.
Rxb5 Rxb5 34. Bxb5 Nxd4 35. Ba6 Kg7 36. Kg3 Kf6 37. Bd3 h6 38. Bc4 Nf5+ 39. Kg2
Kg5 40. Bb5 Kf4 41. Be8 f6 42. Kf1 g5 43. Bf7 e5 44. Bd5 h5 45. Bb7 Nd4 46. Kg2
h4 47. Bd5 Nb5 48. Bc6 Na3 49. Be4 Nc4 50. Bd5 Nd2 51. Bc6 Kf5 52. Bd7+ Kg6 53.
Be6 Kg7 54. Bd5 Kf8 55. Bc6 Ke7 56. Bd5 Kd6 57. Bb7 Kc5 58. Ba6 Kd4 59. Bb5 Kc3
60. Ba4 Nc4 61. Kf1 Kd2 62. Bd7 Na3 63. Bc6 Nc2 64. Be4 Nd4 65. Bb7 Nb5 66. Bd5
Nd6 67. Be6 f5 68. Bd7 e4 69. fxe4 fxe4 70. Be6 e3 71. fxe3 Kxe3 72. Kg2 Ne4
73. Bf5 Nf6 74. Be6 Nh5 75. Bg4 Nf4+ 76. Kf1 Nd3 77. Kg2 Kd2 78. Bd7 Ke3 79.
Bg4 Kf4 80. Bc8 Nb4 81. Bd7 Ke3 82. Be6 Nc2 83. Bg4 Ne1+ 84. Kf1 Nd3 85. Kg2
Nf4+ 86. Kf1 1/2-1/2

[Event "CAN-op U2400"]
[Site "Montreal CAN"]
[Date "2014.07.25"]
[Round "8"]
[White "Twesigye, Derick"]
[Black "Larochelle, Martial"]
[Result "1-0"]
[WhiteElo "2023"]
[BlackElo "2133"]
[PlyCount "75"]
[EventDate "2014.07.19"]
[EventType "swiss"]
[EventRounds "9"]
[EventCountry "CAN"]

1. e4 c5 2. Nf3 e6 3. d4 cxd4 4. Nxd4 Nc6 5. Nxc6 bxc6 6. Bd3 Nf6 7. O-O d5 8.
Nd2 Be7 9. Re1 O-O 10. e5 Nd7 11. Qh5 f5 12. exf6 Nxf6 13. Qe2 Bd6 14. Nf3 Qc7
15. Ne5 c5 16. c3 Bb7 17. Bg5 Ne4 18. Bxe4 dxe4 19. Ng4 h5 20. Ne3 Bxh2+ 21.
Kh1 Bf4 22. Bxf4 Qxf4 23. Rf1 Qg5 24. Qb5 Rf7 25. Rad1 Rc8 26. Rd6 Bd5 27. c4
Qe5 28. Qa6 Bb7 29. Rxe6 Qxb2 30. Qd6 Rxf2 31. Rxf2 Qxf2 32. Nd5 Qe1+ 33. Kh2
Qh4+ 34. Kg1 Rf8 35. Ne7+ Kf7 36. Ng6 Qe1+ 37. Kh2 e3 38. Qe7+ 1-0

[Event "CAN-op U2400"]
[Site "Montreal CAN"]
[Date "2014.07.25"]
[Round "8"]
[White "Van Hoolandt, Patrick"]
[Black "Yagiz, Bora"]
[Result "1-0"]
[WhiteElo "2236"]
[BlackElo "1911"]
[PlyCount "71"]
[EventDate "2014.07.19"]
[EventType "swiss"]
[EventRounds "9"]
[EventCountry "CAN"]

1. d4 d6 2. c4 e5 3. Nc3 exd4 4. Qxd4 Nc6 5. Qd2 Nf6 6. b3 a5 7. Bb2 a4 8. Rd1
axb3 9. axb3 g6 10. e4 Bg7 11. Bd3 Nd4 12. Bc2 Nxc2+ 13. Qxc2 O-O 14. Nge2 Nh5
15. O-O f5 16. c5 fxe4 17. cxd6 Bf5 18. Nd5 cxd6 19. Bxg7 Nxg7 20. Qd2 Rf7 21.
Ng3 Ne6 22. b4 Qg5 23. Nc3 Qxd2 24. Rxd2 Rc7 25. Nb5 Rf7 26. Nc3 Ra6 27. Rfd1
Nf4 28. Rxd6 Nd3 29. Rd8+ Kg7 30. b5 Ra2 31. f3 Nb2 32. Rb1 exf3 33. Nxf5+ gxf5
34. Rd2 f4 35. Nxa2 f2+ 36. Rxf2 1-0

[Event "CAN-op U2400"]
[Site "Montreal CAN"]
[Date "2014.07.25"]
[Round "8"]
[White "Voloaca, Mihnea"]
[Black "Turcotte, Jonathan"]
[Result "1-0"]
[WhiteElo "2227"]
[BlackElo "1971"]
[PlyCount "73"]
[EventDate "2014.07.19"]
[EventType "swiss"]
[EventRounds "9"]
[EventCountry "CAN"]

1. d4 d5 2. c4 c6 3. Nf3 Nf6 4. e3 Bf5 5. Qb3 Qb6 6. c5 Qc7 7. Nh4 Bg6 8. Nd2
Nbd7 9. Qc3 e5 10. b4 a6 11. g3 Be7 12. Bg2 exd4 13. exd4 O-O 14. Nxg6 hxg6 15.
O-O Rfe8 16. Nb3 Nf8 17. Bf4 Qd7 18. Rfe1 Nh5 19. Be3 g5 20. Qd2 g4 21. Qd1 f5
22. h3 Nf6 23. hxg4 Nxg4 24. Bd2 Nf6 25. Bh3 g6 26. Bf4 Ne6 27. Be5 Ng5 28. Bg2
Nf7 29. Bf4 g5 30. Be5 Kg7 31. Qd3 Nxe5 32. dxe5 Ne4 33. Nd4 Kg6 34. g4 fxg4
35. Rxe4 dxe4 36. Bxe4+ Kf7 37. e6+ 1-0

[Event "CAN-op U2400"]
[Site "Montreal CAN"]
[Date "2014.07.26"]
[Round "8"]
[White "Voskanyan, Vahagn"]
[Black "Doknjas, John"]
[Result "1-0"]
[WhiteElo "2225"]
[BlackElo "1993"]
[PlyCount "55"]
[EventDate "2014.07.19"]
[EventType "swiss"]
[EventRounds "9"]
[EventCountry "CAN"]

1. Nf3 c5 2. c4 Nf6 3. Nc3 b6 4. g3 Bb7 5. Bg2 e6 6. O-O d6 7. d4 cxd4 8. Qxd4
a6 9. Be3 Nbd7 10. Rfd1 Be7 11. h3 O-O 12. Rac1 Rc8 13. b3 Qc7 14. Ng5 Bxg2 15.
Kxg2 Qb7+ 16. Kg1 Rfd8 17. Nge4 Nc5 18. Nxf6+ Bxf6 19. Qg4 b5 20. cxb5 axb5 21.
Qb4 Bxc3 22. Rxc3 Ne4 23. Rxc8 Rxc8 24. a4 Nc3 25. Rxd6 Nxe2+ 26. Kh2 Nc3 27.
Qxc3 bxa4 28. bxa4 1-0

[Event "CAN-op U2400"]
[Site "Montreal CAN"]
[Date "2014.07.25"]
[Round "8"]
[White "Weber, Meikel"]
[Black "Dube, Daniel"]
[Result "1/2-1/2"]
[WhiteElo "2042"]
[BlackElo "1839"]
[PlyCount "41"]
[EventDate "2014.07.19"]
[EventType "swiss"]
[EventRounds "9"]
[EventCountry "CAN"]

1. e4 e5 2. Nf3 Nc6 3. Nc3 Bb4 4. d4 exd4 5. Nxd4 Nf6 6. Nxc6 bxc6 7. Bd3 d5 8.
exd5 cxd5 9. O-O O-O 10. Bg5 c6 11. Na4 Qd6 12. Bh4 Bg4 13. f3 Bh5 14. c4 dxc4
15. Bxc4 Qf4 16. Qb3 Bd6 17. Bg3 Qd4+ 18. Bf2 Qf4 19. Bg3 Qd4+ 20. Bf2 Qf4 21.
Bg3 1/2-1/2

[Event "CAN-op U2400"]
[Site "Montreal CAN"]
[Date "2014.07.26"]
[Round "9"]
[White "Ang, Alan"]
[Black "Luo, Zhao Yang"]
[Result "1/2-1/2"]
[WhiteElo "2017"]
[BlackElo "1959"]
[PlyCount "56"]
[EventDate "2014.07.19"]
[EventType "swiss"]
[EventRounds "9"]
[EventCountry "CAN"]

1. e4 c6 2. d4 d5 3. Nc3 dxe4 4. Nxe4 Bf5 5. Ng3 Bg6 6. h4 h6 7. Nh3 Nf6 8. Nf4
Bh7 9. Bc4 e6 10. c3 Be7 11. Nfh5 O-O 12. Nxf6+ Bxf6 13. Qg4 Kh8 14. Bf4 Qa5
15. O-O Nd7 16. Rfe1 Qd8 17. Rad1 Bxh4 18. Nh5 Bg6 19. Bd3 Bxh5 20. Qxh5 Bg5
21. Re4 Nf6 22. Bxg5 Nxh5 23. Bxd8 Rfxd8 24. Re5 Nf4 25. Bc2 Rd6 26. g3 Nd5 27.
Rde1 Rad8 28. f4 g6 1/2-1/2

[Event "CAN-op U2400"]
[Site "Montreal CAN"]
[Date "2014.07.26"]
[Round "9"]
[White "Bouchard, Jean-Marc"]
[Black "Caceres Cortes, Julio"]
[Result "0-1"]
[WhiteElo "1925"]
[BlackElo "2044"]
[PlyCount "60"]
[EventDate "2014.07.19"]
[EventType "swiss"]
[EventRounds "9"]
[EventCountry "CAN"]

1. d4 d5 2. e3 Bf5 3. f4 e6 4. Nf3 h6 5. Be2 Nf6 6. O-O Be7 7. b3 Nbd7 8. c4 c5
9. Bb2 O-O 10. Ne5 Bh7 11. Nc3 Rc8 12. cxd5 cxd4 13. exd4 Nxd5 14. Nxd5 exd5
15. f5 Bg5 16. Nxd7 Qxd7 17. f6 Rc2 18. fxg7 Kxg7 19. Bc1 Qe7 20. Bd3 Rxc1 21.
Rxc1 Bxc1 22. Bxh7 Be3+ 23. Kh1 Kxh7 24. Rf3 Rc8 25. Qd3+ Qe4 26. Rxf7+ Kg8 27.
Qf1 Rc1 28. Rf8+ Kg7 29. Rf7+ Kg6 30. Rf6+ Kg5 0-1

[Event "CAN-op U2400"]
[Site "Montreal CAN"]
[Date "2014.07.26"]
[Round "9"]
[White "Boudreau, Daniel"]
[Black "Lepine, Cedric"]
[Result "0-1"]
[WhiteElo "2066"]
[BlackElo "2113"]
[PlyCount "91"]
[EventDate "2014.07.19"]
[EventType "swiss"]
[EventRounds "9"]
[EventCountry "CAN"]

1. e4 Nf6 2. e5 Nd5 3. d4 d6 4. Nf3 Bg4 5. Be2 Nc6 6. exd6 exd6 7. c4 Nb6 8. b3
Be7 9. O-O Bf6 10. Be3 d5 11. c5 Nd7 12. Nbd2 Nf8 13. h3 Bh5 14. b4 a6 15. a4
Nxb4 16. a5 Nc6 17. Rb1 Ra7 18. Qa4 Qd7 19. Bd1 Ne6 20. Re1 O-O 21. Bc2 Bg6 22.
Bxg6 hxg6 23. g4 Rd8 24. g5 Bxd4 25. Nxd4 Ncxd4 26. Qxd7 Rxd7 27. c6 Nxc6 28.
Bxa7 Nxa7 29. Rxb7 Nb5 30. h4 Rd8 31. Nf3 Nc5 32. Rxb5 axb5 33. Nd4 Ne6 34.
Nxb5 Ra8 35. Ra1 c6 36. Nc3 Ra6 37. Kf1 Kf8 38. Ke2 Ke7 39. Kd3 Kd6 40. Ne2 c5
41. Kc3 Nd8 42. Nf4 Nc6 43. Rd1 d4+ 44. Kb3 Rxa5 45. h5 Ke5 46. hxg6 0-1

[Event "CAN-op U2400"]
[Site "Montreal CAN"]
[Date "2014.07.26"]
[Round "9"]
[White "Chan, James"]
[Black "Oussedik, Elias"]
[Result "0-1"]
[WhiteElo "2023"]
[BlackElo "2100"]
[PlyCount "86"]
[EventDate "2014.07.19"]
[EventType "swiss"]
[EventRounds "9"]
[EventCountry "CAN"]

1. e4 e6 2. d4 d5 3. e5 c5 4. c3 Nc6 5. Nf3 Nh6 6. Bd3 cxd4 7. cxd4 Nf5 8. Bxf5
exf5 9. Nc3 Be6 10. Ne2 Be7 11. h4 h6 12. Nf4 g6 13. Kf1 Qb6 14. Kg1 O-O-O 15.
Rb1 g5 16. hxg5 hxg5 17. Rxh8 Rxh8 18. Nxe6 fxe6 19. Bxg5 Bxg5 20. Nxg5 Qxd4
21. Qxd4 Nxd4 22. g3 Kd7 23. Rd1 Nc6 24. f4 Nb4 25. a3 Nc2 26. Rd2 Ne3 27. Nf3
Rc8 28. Kf2 Ng4+ 29. Ke2 a6 30. Kd3 Rc1 31. Rg2 Rb1 32. Kc3 Rf1 33. Nd2 Re1 34.
Kd3 b6 35. b3 b5 36. Kc3 Kc6 37. b4 Re3+ 38. Kb2 d4 39. Nb3 d3 40. Rd2 Kd5 41.
Nc5 Kc4 42. Nxe6 Re2 43. Kc1 Kc3 0-1

[Event "CAN-op U2400"]
[Site "Montreal CAN"]
[Date "2014.07.26"]
[Round "9"]
[White "Currie, James"]
[Black "Trottier, Emile"]
[Result "0-1"]
[WhiteElo "1987"]
[BlackElo "2168"]
[PlyCount "62"]
[EventDate "2014.07.19"]
[EventType "swiss"]
[EventRounds "9"]
[EventCountry "CAN"]

1. e4 e6 2. d3 d5 3. Nd2 c5 4. Ngf3 Nc6 5. g3 Bd6 6. Bg2 Nge7 7. O-O d4 8. e5
Nxe5 9. Ng5 Nd5 10. Bxd5 exd5 11. f4 Ng4 12. Re1+ Ne3 13. Nf1 O-O 14. Bxe3 dxe3
15. Nxe3 h6 16. Nf3 d4 17. Nc4 Bc7 18. Nfe5 Be6 19. b3 Bd5 20. Qh5 b5 21. Nd2
Bb7 22. Kf2 Qd6 23. Ne4 Qd5 24. Qf5 Rae8 25. Qd7 Rxe5 26. Qxc7 Rh5 27. Kg2 f5
28. h3 Re8 29. Kh2 fxe4 30. Re2 Rxh3+ 31. Kg2 e3+ 0-1

[Event "CAN-op U2400"]
[Site "Montreal CAN"]
[Date "2014.07.26"]
[Round "9"]
[White "De Barberis, Massimo"]
[Black "Bates, Darren"]
[Result "1-0"]
[WhiteElo "2070"]
[BlackElo "1754"]
[PlyCount "101"]
[EventDate "2014.07.19"]
[EventType "swiss"]
[EventRounds "9"]
[EventCountry "CAN"]

1. e4 e5 2. Bc4 Nf6 3. Nc3 Bb4 4. Nge2 O-O 5. d3 d5 6. exd5 Nxd5 7. O-O c6 8.
a3 Ba5 9. Kh1 Kh8 10. f4 Bg4 11. Bxd5 cxd5 12. fxe5 Nc6 13. d4 Rc8 14. Qd3 f6
15. Bf4 fxe5 16. Bxe5 Qd7 17. Bg3 Bf5 18. Qd2 Be4 19. b4 Bb6 20. Nxe4 dxe4 21.
c3 Ne7 22. Qg5 h6 23. Qh4 Nf5 24. Qxe4 Rce8 25. Qg4 Nxg3+ 26. Qxg3 Rxf1+ 27.
Rxf1 Bc7 28. Qf3 Qe7 29. Nf4 Qd6 30. g3 Qf6 31. Kg2 Bxf4 32. Qxf4 Qc6+ 33. Qf3
Qc4 34. Rf2 b5 35. d5 Rc8 36. d6 Qxc3 37. Qxc3 Rxc3 38. Rd2 Rc8 39. Kf3 Kg8 40.
Ke4 Kf7 41. Ke5 Re8+ 42. Kd5 Re1 43. Kc6 Ke8 44. Rd3 a6 45. Kc7 Rc1+ 46. Kb6
Re1 47. Kxa6 Re5 48. d7+ Kd8 49. Kb6 h5 50. Kc6 g6 51. Rf3 1-0

[Event "CAN-op U2400"]
[Site "Montreal CAN"]
[Date "2014.07.26"]
[Round "9"]
[White "Dehmel, Jens"]
[Black "Lopez Linares, Lizandro"]
[Result "1/2-1/2"]
[WhiteElo "2067"]
[BlackElo "2025"]
[PlyCount "89"]
[EventDate "2014.07.19"]
[EventType "swiss"]
[EventRounds "9"]
[EventCountry "CAN"]

1. d4 Nf6 2. c4 c5 3. Nf3 cxd4 4. Nxd4 Nc6 5. g3 d6 6. Bg2 Bd7 7. O-O g6 8. Nc3
Bg7 9. h3 O-O 10. Be3 Qc8 11. Kh2 Nxd4 12. Bxd4 Qxc4 13. Bxb7 Rab8 14. Bf3 e5
15. Bxa7 Rxb2 16. Rc1 Qa6 17. Be3 Rfb8 18. Qd3 Qa3 19. Rfd1 e4 20. Nxe4 Qxd3
21. Nxf6+ Bxf6 22. Rxd3 Rxa2 23. Rxd6 Be6 24. Kg2 Be5 25. Rd2 Kg7 26. Rxa2 Bxa2
27. Rd1 Be6 28. Bd4 Kf6 29. Bxe5+ Kxe5 30. Ra1 Rb5 31. g4 h6 32. Ra8 Kf6 33.
Kg3 Rb3 34. h4 Rc3 35. Ra5 g5 36. e3 Rd3 37. Be4 Rd2 38. f4 gxf4+ 39. exf4 Ra2
40. g5+ Kg7 41. Rc5 Ra3+ 42. Bf3 hxg5 43. hxg5 Kg6 44. Kf2 Ra2+ 45. Kg3 1/2-1/2

[Event "CAN-op U2400"]
[Site "Montreal CAN"]
[Date "2014.07.26"]
[Round "9"]
[White "Dorrance, Adam"]
[Black "Babb, Jeff"]
[Result "1/2-1/2"]
[WhiteElo "2018"]
[BlackElo "2111"]
[PlyCount "116"]
[EventDate "2014.07.19"]
[EventType "swiss"]
[EventRounds "9"]
[EventCountry "CAN"]

1. d4 d5 2. Nf3 Nc6 3. g3 Bf5 4. Bg2 Qd7 5. Bf4 f6 6. h4 e6 7. c3 Bd6 8. Bxd6
cxd6 9. Nbd2 Nge7 10. c4 dxc4 11. Nxc4 d5 12. Ne3 Be4 13. O-O O-O 14. Bh3 Bxf3
15. exf3 Qd6 16. f4 f5 17. a3 Rf6 18. Re1 Ng6 19. Ng2 Qc7 20. Re3 Qb6 21. Rd3
Nge7 22. Ne3 Rd8 23. Rb3 Qc7 24. Rc1 Nc8 25. Bf1 Nd6 26. Nc2 Qe7 27. Ne1 Rf7
28. Nf3 Rff8 29. Rbc3 Ne4 30. R3c2 Nd6 31. b4 Ne8 32. Bb5 Nb8 33. Ne5 a6 34.
Bxe8 Qxe8 35. Rc7 b5 36. Qc2 Nd7 37. Nxd7 Rxd7 38. Rxd7 Qxd7 39. Qc6 Qxc6 40.
Rxc6 Kf7 41. Rxa6 Rc8 42. Ra5 Rc3 43. Kf1 Ke7 44. Ke2 Rb3 45. Kd1 h6 46. h5 Kf6
47. Ke2 g6 48. hxg6 Kxg6 49. Kf1 Kf6 50. Kg2 Ke7 51. Rxb5 Rxa3 52. Rb8 Rd3 53.
Kf1 Rxd4 54. Ke2 Kd7 55. b5 Kc7 56. Re8 Kd7 57. Rb8 Kc7 58. Re8 Kd7 1/2-1/2

[Event "CAN-op U2400"]
[Site "Montreal CAN"]
[Date "2014.07.26"]
[Round "9"]
[White "Dube, Daniel"]
[Black "Forget, Luc"]
[Result "0-1"]
[WhiteElo "1839"]
[BlackElo "1998"]
[PlyCount "94"]
[EventDate "2014.07.19"]
[EventType "swiss"]
[EventRounds "9"]
[EventCountry "CAN"]

1. e4 e5 2. Nf3 Nc6 3. Nc3 Nf6 4. d4 exd4 5. Nd5 Nxd5 6. exd5 Bb4+ 7. Bd2 Qe7+
8. Be2 Ne5 9. O-O O-O 10. Nxd4 Bxd2 11. Qxd2 d6 12. Rae1 Qd8 13. f4 Ng4 14. f5
Nf6 15. Bc4 Bd7 16. Ne6 Bxe6 17. dxe6 fxe6 18. fxe6 Qe7 19. Qg5 Rae8 20. Rf3 d5
21. Bxd5 Qc5+ 22. Kh1 Qxd5 23. Rf5 Rxe6 24. Ref1 Qd8 25. h4 Re4 26. h5 Rg4 27.
Qe3 Rh4+ 28. Kg1 Qd6 29. g3 Qd4 30. Qxd4 Rxd4 31. Ra5 a6 32. Rc5 c6 33. Re5 Nd7
34. Re7 Rxf1+ 35. Kxf1 Kf8 36. Re2 Kf7 37. c3 Rd3 38. Rg2 Nf6 39. Ke2 Rd5 40.
g4 Ne4 41. Ke3 Ng5 42. Rf2+ Ke7 43. c4 Re5+ 44. Kf4 Nh3+ 45. Kxe5 Nxf2 46. g5
Nd3+ 47. Kf5 Nxb2 0-1

[Event "CAN-op U2400"]
[Site "Montreal CAN"]
[Date "2014.07.26"]
[Round "9"]
[White "Gardner, Robert"]
[Black "Cloutier, Mathieu"]
[Result "1-0"]
[WhiteElo "2164"]
[BlackElo "2040"]
[PlyCount "75"]
[EventDate "2014.07.19"]
[EventType "swiss"]
[EventRounds "9"]
[EventCountry "CAN"]

1. d4 Nf6 2. c4 c5 3. d5 e6 4. Nc3 exd5 5. cxd5 d6 6. e4 g6 7. Nge2 Bg7 8. Ng3
O-O 9. Be2 a6 10. a4 Re8 11. O-O Nbd7 12. Be3 Ne5 13. f3 h5 14. Nh1 h4 15. Nf2
c4 16. Qd2 Nd3 17. Nxd3 cxd3 18. Bxd3 Nh5 19. a5 Ng3 20. hxg3 hxg3 21. Rfc1 Qh4
22. Ne2 Be5 23. Rc4 Kg7 24. f4 Rh8 25. Kf1 Qh1+ 26. Ng1 Rh2 27. fxe5 Bh3 28.
Rc2 Rh8 29. Re1 dxe5 30. Re2 Bg4 31. Qe1 R8h3 32. Qc3 Kf6 33. Qc7 Rh5 34. d6
Bxe2+ 35. Rxe2 Rxg2 36. Rxg2 Rh2 37. Qe7+ Kg7 38. Qxe5+ 1-0